000 00795nam a2200217 i 4500
001 bg
100 1 _aSTEPOWICZ, Witold Jerzy
245 1 0 _aWybór testów z rozwiązaniami do przedmiotu "Elementy półprzewodnikowe i układy scalone" /
_cWitold J. Stepowicz ; Politechnika Gdańska.
260 _aGdańsk :
_bWydaw. PG,
_c1996.
300 _a72 s. ;
_c24 cm.
504 _aBibliogr. s. 72.
521 _aSkrypt dla studentów kierunków Elektronika i Telekomunikacja, Informatyka oraz Automatyka i Robotyka.
650 9 _aPółprzewodniki
_xurządzenia
650 9 _aUkłady elektroniczne
655 _aPodręczniki akademickie
040 _cBPK
041 0 _apl
080 _a621.382:681.32/.33:621.3.049.77](075.8)(076)
942 _cKS
008 s pl f |000 0 pol
999 _c31546
_d31546
856 _uhttp://koha.tu.koszalin.pl/cgi-bin/koha/opac-detail.pl?biblionumber=31546
_yKatalog online BPK